Drużyny na MŚ w piłce nożnej - Statystyki

Ogólne statystyki
  • Ten quiz został rozwiązany 120 razy
  • Średni wynik to 62 z 79
Statystyki odpowiedzi
Ilość występów Odpowiedź % Poprawnych
22 Brazylia
97%
9 Polska
97%
18 Argentyna
96%
16 Hiszpania
95%
16 Francja
95%
20 Niemcy
95%
8 Portugalia
94%
11 Rosja
94%
11 Korea Południowa
93%
16 Anglia
92%
7 Japonia
92%
6 Chorwacja
91%
12 Szwecja
91%
18 Włochy
91%
14 Urugwaj
90%
14 Belgia
89%
1 Chiny
89%
1 Słowacja
89%
11 USA
89%
2 Korea Północna
88%
17 Meksyk
88%
3 Norwegia
88%
11 Holandia
87%
5 Australia
86%
9 Czechy
86%
3 Egipt
86%
6 Kolumbia
86%
1 Ukraina
86%
2 Kanada
85%
13 Serbia
85%
6 Dania
84%
3 Grecja
84%
5 Peru
84%
3 Senegal
84%
3 Irlandia
83%
6 Maroko
83%
12 Szwajcaria
83%
9 Chile
82%
4 Ekwador
82%
6 Iran
82%
2 Turcja
82%
6 Arabia Saudyjska
81%
7 Austria
81%
1 Panama
80%
3 RPA
80%
1 Walia
80%
2 Słowenia
79%
8 Szkocja
78%
6 Tunezja
78%
8 Paragwaj
77%
9 Węgry
77%
1 Katar
76%
5 Kostaryka
76%
1 Islandia
75%
7 Rumunia
75%
4 Algieria
74%
4 Ghana
74%
8 Kamerun
74%
2 Nowa Zelandia
73%
3 Boliwia
72%
7 Bułgaria
71%
6 Nigeria
71%
1 Irak
69%
1 Bośnia i Hercegowina
66%
3 Wybrzeże Kości Słoniowej
65%
3 Honduras
63%
3 Irlandia Północna
63%
1 Indonezja
62%
1 Demokratyczna Republika Konga
60%
1 Haiti
60%
1 Kuba
60%
1 Jamajka
59%
1 Izrael
54%
1 Zjednoczone Emiraty Arabskie
49%
1 Trynidad i Tobago
45%
1 Angola
44%
2 Salwador
43%
1 Togo
42%
1 Kuwejt
25%
Nie znaleziono quizów pasujących do podanych kryteriów
Rozkład punktacji
Procent ludzi z każdym wynikiem
Percentyl według liczby udzielonych odpowiedzi
Twoja historia wyników
Nie rozwiązałeś tego quizu